000 00956nam a22002297a 4500
005 20210325205210.0
008 s2554 th ||||| |||| 00| 0 tha d
020 _a9789744964106
050 _aHV5840 ส848จ 2554
100 0 _aสุวิทย์ บุตรพริ้ง
245 1 0 _aเจาะลึกคดีโตมี่ เทวดาล้างอธรรม
260 3 _aกรุงเทพฯ :
_bธรรมพิทักษ์,
_c2554
300 _a130 หน้า :
_b ภาพประกอบ ;
_c 21 ซม.
650 0 4 _aคดีโตมี่
650 0 4 _aยาเสพติดกับอาชญากรรม -- ไทย
650 0 4 _aอาชญากรรม -- ไทย
850 _aNALT
942 _cGB
997 _a38564 ฉ.1 /38565 ฉ.2
997 _c000000000062902
998 _aนางสุกัญญา กัลยา
999 _c62902
_d62902